“Música para concienciar, música para disfrutar”. Tratar la discapacidad en el aula de Secundaria (Record no. 186461)

MARC details
000 -CABECERA
campo de control de longitud fija 01743nab a2200289 a 4500
005 - FECHA Y HORA DE LA ÚLTIMA TRANSACCIÓN
campo de control 20250622130248.0
008 - ELEMENTOS DE LONGITUD FIJA--INFORMACIÓN GENERAL
campo de control de longitud fija 991125c2016 sp fr p o 000 0 spa d
035 ## - NÚMERO DE CONTROL DEL SISTEMA
Número de control de sistema UPN01000214361
040 ## - FUENTE DE LA CATALOGACIÓN
Centro catalogador/agencia de origen MX-MxUPN
Lengua de catalogación spa
Centro/agencia transcriptor MX-MxUPN
Normas de descripción aacr2
049 ## - COLECCIÓN
Colección ART-E
100 1# - ASIENTO PRINCIPAL--NOMBRE PERSONAL
Nombre de persona Ramos Ramos, Pablo
100 1# - ASIENTO PRINCIPAL--NOMBRE PERSONAL
Nombre de persona Astruells Moreno, Salvador
245 10 - MENCIÓN DE TÍTULO
Título “Música para concienciar, música para disfrutar”. Tratar la discapacidad en el aula de Secundaria
506 0# - NOTA DE RESTRICCIONES AL ACCESO
Limitaciones de acceso Acceso abierto
520 3# - NOTA DE RESUMEN, ETC.
Sumario, etc. El presente texto describe y analiza los resultados del proyecto “Música para concienciar, música para disfrutar”, desarrollado por el departamento de música del IES Joan Coromines de Benicarló. El objetivo principal del mismo fue acercar la realidad de la discapacidad a alumnos de educación secundaria por medio del contacto directo con este colectivo y de la implicación emocional expresada a través de un producto artístico. Los participantes fueron, por un lado, alumnos de segundo de ESO con bajo rendimiento académico y, por otro lado, personas adultas con discapacidad intelectual. El trabajo conjunto de ambos colectivos culminó con la grabación del videoclip “El rap de la discapacidad”.
650 #2 - ASIENTO SECUNDARIO DE MATERIA - TERMINO TEMATICO
Término de materia o nombre geográfico como elemento de entrada Discapacidades
9 (RLIN) 14026
650 #7 - ASIENTO SECUNDARIO DE MATERIA - TERMINO TEMATICO
Término de materia o nombre geográfico como elemento de entrada Educación secundaria
9 (RLIN) 4281
650 #7 - ASIENTO SECUNDARIO DE MATERIA - TERMINO TEMATICO
Término de materia o nombre geográfico como elemento de entrada Integración social
9 (RLIN) 7258
650 #4 - ASIENTO SECUNDARIO DE MATERIA - TERMINO TEMATICO
Término de materia o nombre geográfico como elemento de entrada Educación emocional
9 (RLIN) 11882
653 0# - TERMINO DE INDIZACION - NO CONTROLADO
Término no controlado Educación musical
773 ## - ENLACE AL DOCUMENTO FUENTE/ENTRADA DE REGISTRO ANFITRIÓN
Parte(s) relacionada(s) No. extraordinario (2016), p. 137-148
Título Contextos educativos : revista de educación
Número Internacional Normalizado para Publicaciones Seriadas 1695-5714
856 4# - LOCALIZACIÓN Y ACCESO ELECTRÓNICOS
Identificador Uniforme del Recurso <a href="https://publicaciones.unirioja.es/ojs/index.php/contextos/article/view/2751">https://publicaciones.unirioja.es/ojs/index.php/contextos/article/view/2751</a>
856 4# - LOCALIZACIÓN Y ACCESO ELECTRÓNICOS
Identificador Uniforme del Recurso <a href="https://doi.org/10.18172/con.2751">https://doi.org/10.18172/con.2751</a>
902 ## - ELEMENTOS DE DATOS B LOCAL, LDB (RLIN)
Creó Gloria Jiménez/220125
905 ## - TIPO DE MATERIAL
Tipo de material Articulo
942 ## - ELEMENTOS DE PUNTO DE ACCESO ADICIONAL (KOHA)
Tipo de ítem Koha Artículo Electrónico
Holdings
Estado de retiro Estado de pérdida Estado dañado No para préstamo Código de colección Localización permanente Ubicación/localización actual Ubicación en estantería Fecha de adquisición Total de préstamos Fecha visto por última vez Identificador Uniforme del Recurso Precio válido a partir de Tipo de ítem Koha
        Acceso abierto Bib. Gregorio Torres Quintero Bib. Gregorio Torres Quintero En línea 22/01/2025   22/01/2025 https://doi.org/10.18172/con.2751 22/01/2025 Artículo Electrónico